000 00839nam a22002297a 4500
005 20100816152818.0
010 _aENG-100642
020 _a9780195696929
_c445.00
020 _a0195696921
_c445.00
035 _aEN-84175
037 _bDBAD/PUB
082 _a352.54
245 _aIndia :
_bsocial development report 2008 /
_cby Council for Social Development
260 _aNew Delhi
_bOxford University Press
_c2008
270 _aYMCA Library Building, Jai Singh Road
_bNew Delhi
_e110001
300 _axvii,311p.
_c28cm (pbk)
650 _aEconomic history
_914101
650 _aSocial history
_914102
650 _aSocial planning
_914103
942 _2ddc
_cEN
_h325.54
_mIND
999 _c42197
_d42197